| 000 | 00428nam a2200169Ia 4500 | ||
|---|---|---|---|
| 005 | 20230703085931.0 | ||
| 008 | 131103s9999 xx 000 0 und d | ||
| 040 | _aLoreto College | ||
| 041 | _aEnglish | ||
| 082 |
_a944.04 _bGER |
||
| 100 | _aGershoy,Leo | ||
| 245 | 4 |
_aThe French Revolution and Napoleun _cLeo Gershoy |
|
| 260 |
_aAllahabad _bCentral Book Depot _c1969 |
||
| 300 | _a375p | ||
| 850 | _aLCLIB | ||
| 942 | _cBK | ||
| 999 |
_c36018 _d86497 |
||